000 01282nac a22003251i 4500
003 EG-ScBUE
005 20260421102648.0
008 260421s1989 nyua f b 001 0 eng d
020 _a0125641303
035 _a(OCoLC)ocm01783083
040 _aEG-ScBUE
_beng
_erda
_cEG-ScBUE
_dEG-ScBUE
082 0 4 _a574.87605
_bMET
_222
245 0 0 _aMethods in cell biology.
_nvolume 30,
_pFluorescence microscopy of living cells in culture.
_npart B,
_pQuantitative fluorescence microscopy-imaging and spectroscopy /
_cedited by D. Lansing Taylor, Yu-Li Wang.
246 3 0 _aFluorescence microscopy of living cells in culture
246 3 0 _aQuantitative fluorescence microscopy-imaging and spectroscopy
264 1 _aNew York :
_bAcademic Press,
_c[1989]
264 4 _cc1989
300 _axiv, 503 pages :
_billustrations ;
_c24 cm
336 _2rdacontent
_atext
_btxt
337 _aunmediated
_2rdamedia
_bn
338 _avolume
_bnc
_2rdacarrier
504 _aIncludes bibliographical references and index.
650 7 _aCytology
_xTechnique.
_2BUEsh
650 7 _aCells
_xphysiology
_xlaboratory manuals
_2BUEsh
650 7 _aCells
_xphysiology
_xYearbooks
_2BUEsh
655 _vReading book
700 1 _aTaylor, D. Lansing,
_eeditor.
700 1 _aWang, Yu-Li,
_eeditor.
942 _cBB
_2ddc
999 _c7358
_d7358